Historia de la Exposición de las islas Filipinas en Madrid el año 1887 : (Registro nro. 166091)
[ vista simple ]
| 000 -LEADER | |
|---|---|
| campo de control de longitud fija | 01162nam a22002175i 4500 |
| 001 - NÚMERO DE CONTROL | |
| campo de control | 166091 |
| 003 - IDENTIFICADOR DE NÚMERO DE CONTROL | |
| campo de control | ES-MaACL |
| 005 - FECHA Y HORA DE LA ÚLTIMA TRANSACCIÓN | |
| campo de control | 20251013063132.0 |
| 008 - DATOS DE LONGITUD FIJA--INFORMACIÓN GENERAL | |
| campo de control de longitud fija | 940206s1887 sp |||| | spa d |
| 100 1# - ENTRADA PRINCIPAL--NOMBRE DE PERSONA | |
| Nombre de persona | Taviel de Andrade, Enrique, |
| Fechas asociadas al nombre | -1894 |
| 9 (RLIN) | 133150 |
| 245 10 - MENCIÓN DEL TÍTULO | |
| Título | Historia de la Exposición de las islas Filipinas en Madrid el año 1887 : |
| Resto del título | con una explicación de su posición geográfica, de cómo las hemos adquirido y un compendio de la historia de las Marianas, Carolinas, Filipinas y Palaos : su producción, importación y exportación / |
| Mención de responsabilidad, etc. | por Enrique Taviel de Andrade. |
| 260 ## - PUBLICACIÓN, DISTRIBUCIÓN, ETC. | |
| Lugar de publicación, distribución, etc. | Madrid : |
| Nombre del editor, distribuidor, etc. | [s.n.], |
| Fecha de publicación, distribución, etc. | 1887 ( |
| Fabricante | Imp. de Ulpiano Gómez y Pérez) |
| 300 ## - DESCRIPCIÓN FÍSICA | |
| Extensión | 2 v. (XV, 119 ; 256 p.) ; |
| Dimensiones | 22 cm. |
| 530 ## - NOTA DISPONIBLE DE FORMULARIO FÍSICO ADICIONAL | |
| Nota de formato físico adicional disponible | Disponible en formato digital. |
| 611 2# - PUNTO DE ACCESO ADICIONAL DE MATERIA--NOMBRE DE REUNIÓN/CONGRESO | |
| Nombre de congreso/reunión o jurisdicción como elemento de entrada | Exposición General de las Islas Filipinas. |
| Fecha del congreso o de la firma del tratado | 1887. |
| Sede del congreso/Lugar de la reunión | Madrid) |
| 9 (RLIN) | 689 |
| 651 #4 - PUNTO DE ACCESO ADICIONAL DE MATERIA--NOMBRE GEOGRÁFICO | |
| Nombre geográfico | Filipinas- |
| Subdivisión general | Historia. |
| 9 (RLIN) | 8658 |
| 651 #4 - PUNTO DE ACCESO ADICIONAL DE MATERIA--NOMBRE GEOGRÁFICO | |
| Nombre geográfico | España- |
| Subdivisión general | Colonias- |
| Subdivisión geográfica | Oceanía. |
| 9 (RLIN) | 172157 |
| 852 ## - LOCALIZACIÓN | |
| Ubicación | ES-MaACL |
| Número de control de estantería | G-1807 |
| Nota libre | -- Enc. hol. |
| condición física | -- Sólo el t. II |
| Nota libre | .- Donat. Sr. Moret |
| 856 ## - LOCALIZACIÓN Y ACCESO ELECTRÓNICOS | |
| Identificador Uniforme de Recursos | <a href="http://bdh-rd.bne.es/viewer.vm?id=0000250963&page=1 ">http://bdh-rd.bne.es/viewer.vm?id=0000250963&page=1 </a> |
| Nota pública | Biblioteca Digital Hispánica |
| Estatus retirado | Estado de pérdida | Estado de daño | No para préstamo | Colección | Biblioteca de origen | Biblioteca actual | Ubicación en estantería | Fecha de adquisición | Fuente de adquisición | Total de préstamos | Signatura topográfica completa | Código de barras | Visto por última vez | Precio de reemplazo | Tipo de ítem Koha |
|---|---|---|---|---|---|---|---|---|---|---|---|---|---|---|---|
| Colección digital | Biblioteca del Ateneo de Madrid | Biblioteca del Ateneo de Madrid | Depósito 2 | 17/01/2008 | G-1807 | 1174185 | 23/02/2023 | 23/02/2023 | Libro impreso antiguo |
